[Event "World Youth & Cadets Blitz Championships"]
[Site "Rhodes, Greece"]
[Date "2022.05.03"]
[Round "4.42"]
[White "Alessi, Clio"]
[Black "Berezovskaya, Arina"]
[Result "0-1"]
[TimeControl "5'/game & 2\"/move"]
[WhiteElo "1429"]
[BlackElo "1310"]

1. e4 {[%clk 00:05:03]} e5 {[%clk 00:05:04]} {[%emt 00:00:01]} 2. Nf3 {[%clk
00:05:03]} {[%emt 00:00:01]} Nf6 {[%clk 00:05:04]} {[%emt 00:00:01]} 3. d4
{[%clk 00:05:05]} Nxe4 {[%clk 00:05:04]} {[%emt 00:00:03]} 4. Bd3 {[%clk
00:05:05]} {[%emt 00:00:02]} d5 {[%clk 00:05:02]} {[%emt 00:00:04]} 5. Nxe5
{[%clk 00:05:05]} {[%emt 00:00:02]} Bd6 {[%clk 00:05:01]} {[%emt 00:00:02]} 6.
O-O {[%clk 00:05:04]} {[%emt 00:00:03]} O-O {[%clk 00:05:01]} {[%emt 00:00:01]}
7. Re1 {[%clk 00:05:03]} {[%emt 00:00:04]} Nf6 {[%clk 00:04:46]} {[%emt
00:00:17]} 8. Bg5 {[%clk 00:05:00]} {[%emt 00:00:05]} h6 {[%clk 00:04:35]}
{[%emt 00:00:13]} 9. Bh4 {[%clk 00:05:00]} {[%emt 00:00:02]} Nbd7 {[%clk
00:04:17]} {[%emt 00:00:21]} 10. Nc3 {[%clk 00:04:55]} {[%emt 00:00:06]} c6
{[%clk 00:04:06]} {[%emt 00:00:13]} 11. Qd2 {[%clk 00:04:42]} {[%emt 00:00:16]}
Re8 {[%clk 00:03:49]} {[%emt 00:00:19]} 12. Nxd7 {[%clk 00:04:31]} {[%emt
00:00:12]} Bxd7 {[%clk 00:03:43]} {[%emt 00:00:08]} 13. Rxe8+ {[%clk 00:04:27]}
{[%emt 00:00:06]} Bxe8 {[%clk 00:03:30]} {[%emt 00:00:15]} 14. Re1 {[%clk
00:04:15]} {[%emt 00:00:14]} Bd7 {[%clk 00:03:19]} {[%emt 00:00:14]} 15. Qe2
{[%clk 00:03:42]} {[%emt 00:00:34]} Kf8 {[%clk 00:02:41]} {[%emt 00:00:41]} 16.
Qf3 {[%clk 00:03:28]} {[%emt 00:00:14]} Be7 {[%clk 00:02:23]} {[%emt 00:00:21]}
17. Bf5 {[%clk 00:02:42]} {[%emt 00:00:46]} Bxf5 {[%clk 00:01:57]} {[%emt
00:00:30]} 18. Qxf5 {[%clk 00:02:42]} {[%emt 00:00:03]} Qc8 {[%clk 00:01:38]}
{[%emt 00:00:20]} 19. Qd3 {[%clk 00:02:21]} {[%emt 00:00:19]} Qg4 {[%clk
00:01:28]} {[%emt 00:00:14]} 20. Bxf6 {[%clk 00:02:20]} {[%emt 00:00:05]} Bxf6
{[%clk 00:01:23]} {[%emt 00:00:07]} 21. Qh7 {[%clk 00:02:11]} {[%emt 00:00:10]}
g6 {[%clk 00:00:40]} {[%emt 00:00:46]} 22. Qxh6+ {[%clk 00:02:09]} {[%emt
00:00:04]} Bg7 {[%clk 00:00:39]} {[%emt 00:00:03]} 23. Qe3 {[%clk 00:02:10]}
{[%emt 00:00:02]} Qd7 {[%clk 00:00:33]} {[%emt 00:00:07]} 24. Na4 {[%clk
00:01:59]} {[%emt 00:00:10]} Re8 {[%clk 00:00:29]} {[%emt 00:00:09]} 25. Qxe8+
{[%clk 00:01:54]} {[%emt 00:00:07]} Qxe8 {[%clk 00:00:29]} {[%emt 00:00:02]} 26.
Rxe8+ {[%clk 00:01:55]} {[%emt 00:00:01]} Kxe8 {[%clk 00:00:30]} {[%emt
00:00:01]} 27. c3 {[%clk 00:01:52]} {[%emt 00:00:04]} b6 {[%clk 00:00:29]}
{[%emt 00:00:04]} 28. b3 {[%clk 00:01:32]} {[%emt 00:00:22]} Bh6 {[%clk
00:00:29]} {[%emt 00:00:02]} 29. Nb2 {[%clk 00:01:29]} {[%emt 00:00:05]} Bc1
{[%clk 00:00:28]} {[%emt 00:00:03]} 30. Nd1 {[%clk 00:01:28]} {[%emt 00:00:03]}
Bd2 {[%clk 00:00:25]} {[%emt 00:00:05]} 31. Kf1 {[%clk 00:01:28]} {[%emt
00:00:02]} Ke7 {[%clk 00:00:24]} 32. Ke2 {[%clk 00:01:30]} {[%emt 00:00:04]}
Bh6 {[%emt 00:00:02]} 33. Kd3 {[%clk 00:01:25]} {[%emt 00:00:05]} Ke6 {[%clk
00:00:24]} {[%emt 00:00:03]} 34. c4 {[%clk 00:01:25]} {[%emt 00:00:02]} f5
{[%clk 00:00:23]} {[%emt 00:00:03]} 35. Ne3 {[%clk 00:01:14]} {[%emt 00:00:13]}
a6 {[%clk 00:00:16]} {[%emt 00:00:09]} 36. Kc3 {[%clk 00:01:06]} {[%emt
00:00:10]} Kd6 {[%clk 00:00:15]} {[%emt 00:00:04]} 37. b4 {[%clk 00:00:51]}
{[%emt 00:00:16]} Ke6 {[%clk 00:00:13]} {[%emt 00:00:04]} 38. a4 {[%clk
00:00:50]} {[%emt 00:00:04]} Kd6 {[%clk 00:00:11]} {[%emt 00:00:03]} 39. c5+
{[%clk 00:00:47]} {[%emt 00:00:05]} bxc5 {[%clk 00:00:08]} {[%emt 00:00:05]} 40.
bxc5+ {[%clk 00:00:48]} Kc7 {[%clk 00:00:08]} {[%emt 00:00:02]} 41. Kb4 {[%clk
00:00:50]} Kb7 {[%emt 00:00:02]} 42. Ka5 {[%clk 00:00:48]} {[%emt 00:00:03]}
Ka7 {[%emt 00:00:02]} 43. g3 {[%clk 00:00:45]} {[%emt 00:00:03]} f4 {[%clk
00:00:12]} {[%emt 00:00:02]} 44. Ng4 {[%emt 00:00:07]} Bg5 {[%clk 00:00:10]}
{[%emt 00:00:02]} 45. Ne5 {[%clk 00:00:39]} {[%emt 00:00:04]} Kb7 {[%clk
00:00:11]} {[%emt 00:00:02]} 46. Nf7 {[%clk 00:00:36]} {[%emt 00:00:04]} Bf6
{[%clk 00:00:10]} {[%emt 00:00:03]} 47. Nd6+ {[%clk 00:00:37]} {[%emt
00:00:01]} Ka7 {[%emt 00:00:04]} 48. Nc8+ {[%clk 00:00:31]} {[%emt 00:00:06]}
Kb7 {[%clk 00:00:10]} {[%emt 00:00:02]} 49. Nd6+ {[%clk 00:00:31]} {[%emt
00:00:02]} Ka7 {[%clk 00:00:11]} 50. gxf4 {[%clk 00:00:29]} {[%emt 00:00:05]}
Bxd4 {[%emt 00:00:09]} 51. h4 {[%clk 00:00:13]} {[%emt 00:00:12]} Bxc5 {[%clk
00:00:11]} {[%emt 00:00:02]} 52. Nf7 {[%clk 00:00:13]} {[%emt 00:00:02]} Bxf2
{[%clk 00:00:11]} {[%emt 00:00:02]} 53. Kb4 {[%clk 00:00:07]} {[%emt 00:00:08]}
Bxh4 {[%emt 00:00:02]} 54. Kc5 {[%clk 00:00:07]} Kb7 {[%emt 00:00:02]} 55. Nd6+
{[%clk 00:00:08]} Kc7 {[%clk 00:00:12]} {[%emt 00:00:02]} 56. Ne8+ {[%clk
00:00:09]} {[%emt 00:00:01]} Kd7 {[%clk 00:00:12]} {[%emt 00:00:01]} 57. Ng7
{[%clk 00:00:09]} {[%emt 00:00:02]} Bf6 {[%clk 00:00:13]} {[%emt 00:00:02]} 58.
Ne6 {[%clk 00:00:06]} {[%emt 00:00:05]} Kxe6 {[%clk 00:00:13]} {[%emt
00:00:02]} 59. Kxc6 {[%clk 00:00:07]} d4 {[%clk 00:00:14]} {[%emt 00:00:01]} 60.
Kb6 {[%clk 00:00:08]} {[%emt 00:00:02]} d3 {[%clk 00:00:14]} {[%emt 00:00:02]}
61. Kxa6 {[%clk 00:00:09]} {[%emt 00:00:01]} d2 {[%clk 00:00:15]} 62. Kb6
{[%clk 00:00:10]} {[%emt 00:00:01]} d1=Q {[%clk 00:00:15]} {[%emt 00:00:02]} 63.
a5 {[%clk 00:00:11]} {[%emt 00:00:01]} Bd4+ {[%clk 00:00:15]} {[%emt 00:00:01]}
64. Kb5 {[%clk 00:00:12]} Qb3+ {[%clk 00:00:16]} {[%emt 00:00:01]} 65. Kc6 Qc4+
{[%clk 00:00:17]} 66. Kb7 {[%clk 00:00:14]} {[%emt 00:00:01]} Qd5+ {[%clk
00:00:18]} {[%emt 00:00:01]} 67. Kc8 {[%clk 00:00:15]} {[%emt 00:00:01]} Qd7+
{[%clk 00:00:19]} {[%emt 00:00:02]} 68. Kb8 {[%clk 00:00:16]} Ba7+ {[%clk
00:00:17]} {[%emt 00:00:03]} 69. Ka8 {[%clk 00:00:17]} {[%emt 00:00:01]} Bc5
{[%clk 00:00:11]} {[%emt 00:00:08]} 70. Kb8 {[%clk 00:00:18]} Qa7+ {[%clk
00:00:11]} {[%emt 00:00:02]} 71. Kc8 {[%clk 00:00:19]} {[%emt 00:00:02]} Kd6
{[%clk 00:00:10]} {[%emt 00:00:02]} 0-1

[Event "World Youth & Cadets Blitz Championships"]
[Site "Rhodes, Greece"]
[Date "2022.05.03"]
[Round "4.43"]
[White "Rzadkowska, Kaja"]
[Black "Bryant, Amelie"]
[Result "1-0"]
[TimeControl "5'/game & 2\"/move"]
[WhiteElo "1190"]
[BlackElo "1153"]

1. e4 {[%clk 00:05:02]} {[%emt 00:00:02]} e5 {[%clk 00:05:03]} 2. Nf3 {[%clk
00:05:01]} {[%emt 00:00:03]} Nc6 {[%clk 00:05:04]} 3. Nc3 {[%clk 00:05:02]}
{[%emt 00:00:02]} Bc5 {[%clk 00:05:05]} {[%emt 00:00:01]} 4. Nxe5 {[%clk
00:05:01]} {[%emt 00:00:03]} Nxe5 {[%clk 00:05:01]} {[%emt 00:00:05]} 5. d4
{[%clk 00:05:00]} {[%emt 00:00:03]} d6 {[%clk 00:04:54]} {[%emt 00:00:09]} 6.
dxc5 {[%clk 00:04:48]} {[%emt 00:00:14]} dxc5 {[%clk 00:04:54]} {[%emt
00:00:02]} 7. Qxd8+ {[%clk 00:04:48]} {[%emt 00:00:03]} Kxd8 {[%clk 00:04:53]}
{[%emt 00:00:02]} 8. Be2 {[%clk 00:04:33]} {[%emt 00:00:17]} Be6 {[%clk
00:04:44]} {[%emt 00:00:11]} 9. O-O {[%clk 00:04:28]} {[%emt 00:00:07]} Nf6
{[%clk 00:04:36]} {[%emt 00:00:09]} 10. Be3 {[%clk 00:04:17]} {[%emt 00:00:14]}
Nfd7 {[%clk 00:04:34]} {[%emt 00:00:03]} 11. f4 {[%clk 00:04:13]} {[%emt
00:00:07]} Ng4 {[%clk 00:04:08]} {[%emt 00:00:27]} 12. Bxg4 {[%clk 00:03:57]}
{[%emt 00:00:19]} Bxg4 {[%clk 00:04:07]} {[%emt 00:00:04]} 13. h3 {[%clk
00:03:53]} {[%emt 00:00:06]} Be6 {[%clk 00:04:05]} {[%emt 00:00:03]} 14. Rad1
{[%clk 00:03:34]} {[%emt 00:00:21]} b6 {[%clk 00:03:49]} {[%emt 00:00:17]} 15.
b3 {[%clk 00:03:30]} {[%emt 00:00:07]} Re8 {[%clk 00:03:40]} {[%emt 00:00:08]}
16. f5 {[%clk 00:03:25]} {[%emt 00:00:09]} Bxf5 {[%clk 00:03:26]} {[%emt
00:00:15]} 17. Rxf5 {[%clk 00:03:21]} {[%emt 00:00:06]} g6 {[%clk 00:03:16]}
{[%emt 00:00:11]} 18. Rxf7 {[%clk 00:03:19]} {[%emt 00:00:05]} Re7 {[%clk
00:03:11]} {[%emt 00:00:07]} 19. Bg5 {[%clk 00:03:18]} {[%emt 00:00:03]} Ke8
{[%clk 00:03:02]} {[%emt 00:00:11]} 20. Rxe7+ {[%clk 00:03:16]} {[%emt
00:00:04]} Kf8 {[%clk 00:02:57]} {[%emt 00:00:06]} 21. Rdxd7 {[%clk 00:03:14]}
{[%emt 00:00:04]} Kg8 {[%clk 00:02:56]} {[%emt 00:00:03]} 22. Rxh7 {[%clk
00:03:10]} {[%emt 00:00:06]} Re8 {[%clk 00:02:48]} {[%emt 00:00:09]} 23. Bf6
{[%clk 00:03:07]} {[%emt 00:00:06]} Kf8 {[%clk 00:02:44]} {[%emt 00:00:05]} 24.
Rh8# {[%clk 00:03:06]} {[%emt 00:00:04]} 1-0

[Event "World Youth & Cadets Blitz Championships"]
[Site "Rhodes, Greece"]
[Date "2022.05.03"]
[Round "4.44"]
[White "Kos, Maja"]
[Black "Galmidi, Ester"]
[Result "0-1"]
[TimeControl "5'/game & 2\"/move"]
[WhiteElo "1091"]
[BlackElo "1069"]

1. e4 {[%clk 00:05:03]} e5 {[%clk 00:05:04]} 2. Nf3 {[%clk 00:05:03]} {[%emt
00:00:02]} Nc6 {[%clk 00:05:05]} {[%emt 00:00:01]} 3. Bc4 {[%clk 00:05:03]}
{[%emt 00:00:02]} Nf6 {[%clk 00:05:05]} {[%emt 00:00:02]} 4. d3 {[%clk
00:05:01]} {[%emt 00:00:04]} d5 {[%clk 00:05:05]} 5. exd5 {[%clk 00:05:00]}
{[%emt 00:00:03]} Nxd5 {[%clk 00:05:06]} {[%emt 00:00:02]} 6. h3 {[%clk
00:04:59]} {[%emt 00:00:04]} Bc5 {[%clk 00:05:03]} {[%emt 00:00:05]} 7. O-O
{[%clk 00:04:49]} {[%emt 00:00:12]} Bf5 {[%clk 00:05:03]} {[%emt 00:00:02]} 8.
Bd2 {[%clk 00:04:48]} {[%emt 00:00:04]} O-O {[%clk 00:05:00]} {[%emt 00:00:04]}
9. Nc3 {[%clk 00:04:48]} {[%emt 00:00:03]} Nxc3 {[%clk 00:04:56]} {[%emt
00:00:06]} 10. Bxc3 {[%clk 00:04:47]} {[%emt 00:00:03]} Re8 {[%clk 00:04:48]}
{[%emt 00:00:09]} 11. Re1 {[%clk 00:04:45]} {[%emt 00:00:04]} h6 {[%clk
00:04:39]} {[%emt 00:00:10]} 12. Nxe5 {[%clk 00:04:26]} {[%emt 00:00:22]} Nxe5
{[%clk 00:04:39]} {[%emt 00:00:03]} 13. Bxe5 {[%clk 00:04:25]} {[%emt
00:00:02]} Qe7 {[%clk 00:04:27]} {[%emt 00:00:14]} 14. Bg3 {[%clk 00:03:58]}
{[%emt 00:00:29]} Qxe1+ {[%clk 00:04:23]} {[%emt 00:00:05]} 15. Qxe1 {[%clk
00:03:59]} {[%emt 00:00:03]} Rxe1+ {[%clk 00:04:23]} {[%emt 00:00:01]} 16. Rxe1
{[%clk 00:03:59]} {[%emt 00:00:02]} a6 {[%clk 00:04:12]} {[%emt 00:00:14]} 17.
a3 {[%clk 00:03:49]} {[%emt 00:00:12]} b5 {[%clk 00:04:12]} {[%emt 00:00:01]}
18. Ba2 {[%clk 00:03:49]} {[%emt 00:00:02]} Bd6 {[%clk 00:04:04]} {[%emt
00:00:10]} 19. Bxd6 {[%clk 00:03:42]} {[%emt 00:00:09]} cxd6 {[%clk 00:04:06]}
20. b4 {[%clk 00:03:38]} {[%emt 00:00:06]} Rc8 {[%clk 00:04:05]} {[%emt
00:00:03]} 21. Bb3 {[%clk 00:03:29]} {[%emt 00:00:12]} Bg6 {[%clk 00:03:51]}
{[%emt 00:00:16]} 22. Rd1 {[%clk 00:03:18]} {[%emt 00:00:13]} Ra8 {[%clk
00:03:46]} {[%emt 00:00:07]} 23. c4 {[%clk 00:03:12]} {[%emt 00:00:08]} bxc4
{[%clk 00:03:41]} {[%emt 00:00:06]} 24. dxc4 {[%clk 00:03:10]} {[%emt
00:00:05]} Rd8 {[%clk 00:03:34]} {[%emt 00:00:09]} 25. c5 {[%clk 00:03:08]}
{[%emt 00:00:04]} d5 {[%clk 00:03:10]} {[%emt 00:00:25]} 26. Bxd5 {[%clk
00:03:03]} {[%emt 00:00:07]} Kh8 {[%clk 00:03:09]} {[%emt 00:00:03]} 27. Bf3
{[%clk 00:02:55]} {[%emt 00:00:10]} Rxd1+ {[%clk 00:03:09]} {[%emt 00:00:03]}
28. Bxd1 {[%clk 00:02:56]} {[%emt 00:00:01]} f5 {[%clk 00:03:05]} {[%emt
00:00:05]} 29. c6 {[%clk 00:02:57]} {[%emt 00:00:02]} Be8 {[%clk 00:02:58]}
{[%emt 00:00:09]} 30. c7 {[%clk 00:02:57]} {[%emt 00:00:01]} Bd7 {[%clk
00:02:58]} {[%emt 00:00:02]} 31. f4 {[%clk 00:02:46]} {[%emt 00:00:13]} g5
{[%clk 00:02:57]} {[%emt 00:00:03]} 32. fxg5 {[%clk 00:02:46]} {[%emt
00:00:03]} hxg5 {[%clk 00:02:57]} {[%emt 00:00:02]} 33. Kf2 {[%clk 00:02:43]}
{[%emt 00:00:05]} Kg7 {[%clk 00:02:42]} {[%emt 00:00:17]} 34. Ba4 {[%clk
00:02:34]} {[%emt 00:00:11]} Be6 {[%clk 00:02:38]} {[%emt 00:00:05]} 35. Bb3
{[%clk 00:02:21]} {[%emt 00:00:16]} Bd7 {[%clk 00:02:38]} {[%emt 00:00:02]} 36.
Kf3 {[%clk 00:02:17]} {[%emt 00:00:06]} Kf8 {[%clk 00:02:37]} {[%emt 00:00:03]}
37. g4 {[%clk 00:02:15]} {[%emt 00:00:04]} fxg4+ {[%clk 00:02:35]} {[%emt
00:00:05]} 38. hxg4 {[%clk 00:02:15]} {[%emt 00:00:02]} Ke7 {[%clk 00:02:33]}
{[%emt 00:00:04]} 39. Bc4 {[%clk 00:02:04]} {[%emt 00:00:13]} Kd6 {[%clk
00:02:28]} {[%emt 00:00:07]} 40. Bxa6 {[%clk 00:01:59]} {[%emt 00:00:07]} Kxc7
{[%clk 00:02:28]} {[%emt 00:00:02]} 41. b5 {[%clk 00:01:59]} {[%emt 00:00:02]}
Kb6 {[%clk 00:02:21]} {[%emt 00:00:09]} 42. Ke4 {[%clk 00:01:54]} {[%emt
00:00:07]} Bxg4 {[%clk 00:02:21]} {[%emt 00:00:02]} 43. Kd4 {[%clk 00:01:51]}
{[%emt 00:00:05]} Bd7 {[%clk 00:02:18]} {[%emt 00:00:05]} 44. Kc4 {[%clk
00:01:52]} {[%emt 00:00:02]} g4 {[%clk 00:02:18]} 45. Kb4 {[%clk 00:01:39]}
{[%emt 00:00:15]} g3 {[%clk 00:02:19]} {[%emt 00:00:01]} 46. a4 {[%clk
00:01:41]} g2 {[%clk 00:02:19]} {[%emt 00:00:02]} 47. a5+ {[%clk 00:01:42]}
{[%emt 00:00:01]} Ka7 {[%clk 00:02:14]} {[%emt 00:00:07]} 48. Kc5 {[%clk
00:01:28]} {[%emt 00:00:16]} g1=Q+ {[%clk 00:02:08]} {[%emt 00:00:06]} 49. Kd6
{[%clk 00:01:23]} {[%emt 00:00:10]} Qd1+ {[%clk 00:02:06]} {[%emt 00:00:04]} 50.
Kc7 {[%clk 00:01:23]} {[%emt 00:00:02]} Bxb5 {[%clk 00:01:58]} {[%emt
00:00:09]} 51. Bxb5 {[%clk 00:01:20]} {[%emt 00:00:05]} Qa1 {[%clk 00:01:54]}
{[%emt 00:00:06]} 52. a6 {[%clk 00:01:20]} {[%emt 00:00:02]} Qa5 {[%clk
00:01:53]} {[%emt 00:00:04]} 53. Kc6 {[%clk 00:01:19]} {[%emt 00:00:02]} Qb6+
{[%clk 00:01:50]} {[%emt 00:00:05]} 54. Kd5 {[%clk 00:01:18]} {[%emt 00:00:03]}
Qxb5+ {[%clk 00:01:48]} {[%emt 00:00:03]} 55. Kd6 {[%clk 00:01:20]} {[%emt
00:00:02]} Qxa6+ {[%clk 00:01:47]} {[%emt 00:00:02]} 56. Kc7 {[%clk 00:01:21]}
{[%emt 00:00:01]} Qc4 {[%clk 00:01:41]} {[%emt 00:00:08]} 57. Kd7 {[%clk
00:01:20]} {[%emt 00:00:03]} Kb6 {[%clk 00:01:39]} {[%emt 00:00:03]} 58. Kd8
{[%clk 00:01:20]} {[%emt 00:00:03]} Kb7 {[%clk 00:01:40]} 59. Kd7 {[%clk
00:01:20]} {[%emt 00:00:02]} Qd4 {[%clk 00:01:41]} {[%emt 00:00:01]} 60. Ke6
{[%clk 00:01:20]} {[%emt 00:00:02]} Kc6 {[%clk 00:01:32]} {[%emt 00:00:10]} 61.
Ke7 {[%clk 00:01:21]} {[%emt 00:00:02]} Qd1 {[%clk 00:01:32]} {[%emt 00:00:03]}
62. Ke8 {[%clk 00:01:19]} {[%emt 00:00:04]} Kc7 {[%clk 00:01:33]} 63. Ke7
{[%clk 00:01:19]} {[%emt 00:00:02]} Qe1 {[%clk 00:01:34]} 64. Kf6 {[%clk
00:01:20]} {[%emt 00:00:02]} Kd6 {[%clk 00:01:32]} {[%emt 00:00:03]} 65. Kf5
{[%clk 00:01:21]} {[%emt 00:00:02]} Qe8 {[%clk 00:01:30]} {[%emt 00:00:03]} 66.
Kf4 {[%clk 00:01:20]} {[%emt 00:00:03]} Kd5 {[%clk 00:01:31]} 67. Kf3 {[%clk
00:01:20]} {[%emt 00:00:02]} Kd4 {[%clk 00:01:32]} {[%emt 00:00:01]} 68. Kf4
{[%clk 00:01:21]} Qf8 {[%clk 00:01:33]} 69. Kg5 {[%clk 00:01:21]} {[%emt
00:00:02]} Ke4 {[%clk 00:01:33]} {[%emt 00:00:03]} 70. Kg6 {[%clk 00:01:21]}
{[%emt 00:00:02]} Ke5 {[%clk 00:01:33]} 71. Kg5 {[%clk 00:01:22]} Qg8 {[%clk
00:01:34]} 72. Kh4 {[%clk 00:01:23]} {[%emt 00:00:01]} Kf5 {[%clk 00:01:35]}
{[%emt 00:00:01]} 73. Kh3 {[%clk 00:01:24]} {[%emt 00:00:02]} Kf4 {[%clk
00:01:37]} 74. Kh2 {[%clk 00:01:25]} {[%emt 00:00:02]} Kf3 {[%clk 00:01:38]} 75.
Kh1 {[%clk 00:01:25]} Qg2# {[%clk 00:01:35]} {[%emt 00:00:02]} 0-1

[Event "World Youth & Cadets Blitz Championships"]
[Site "Rhodes, Greece"]
[Date "2022.05.03"]
[Round "5.1"]
[White "Morgunov, Marc"]
[Black "Can, Isik"]
[Result "1-0"]
[TimeControl "5'/game & 2\"/move"]
[WhiteElo "2240"]
[BlackElo "2130"]

1. e4 {[%clk 00:05:03]} {[%emt 00:00:01]} c6 {[%clk 00:05:03]} {[%emt
00:00:01]} 2. Nc3 {[%clk 00:05:04]} {[%emt 00:00:01]} d5 {[%clk 00:05:03]}
{[%emt 00:00:02]} 3. Nf3 {[%clk 00:05:05]} {[%emt 00:00:01]} Bg4 {[%clk
00:05:02]} {[%emt 00:00:02]} 4. h3 {[%clk 00:05:06]} {[%emt 00:00:01]} Bxf3
{[%clk 00:05:01]} {[%emt 00:00:03]} 5. Qxf3 {[%clk 00:05:07]} {[%emt 00:00:01]}
e6 {[%clk 00:05:01]} 6. Be2 {[%clk 00:05:08]} {[%emt 00:00:02]} Bd6 {[%clk
00:04:57]} {[%emt 00:00:06]} 7. d4 {[%clk 00:05:02]} {[%emt 00:00:08]} dxe4
{[%clk 00:04:30]} {[%emt 00:00:29]} 8. Nxe4 {[%clk 00:05:02]} {[%emt 00:00:02]}
Be7 {[%clk 00:04:31]} 9. O-O {[%clk 00:04:59]} {[%emt 00:00:05]} Nf6 {[%clk
00:04:31]} {[%emt 00:00:02]} 10. c3 {[%clk 00:04:50]} {[%emt 00:00:11]} Nbd7
{[%clk 00:04:30]} {[%emt 00:00:03]} 11. Bd3 {[%clk 00:04:44]} {[%emt 00:00:08]}
Nxe4 {[%clk 00:04:26]} {[%emt 00:00:06]} 12. Qxe4 {[%clk 00:04:44]} {[%emt
00:00:02]} Nf6 {[%clk 00:04:26]} {[%emt 00:00:02]} 13. Qf3 {[%clk 00:04:45]}
Qd5 {[%clk 00:04:24]} {[%emt 00:00:04]} 14. Qe2 {[%clk 00:04:39]} {[%emt
00:00:08]} O-O {[%clk 00:04:20]} {[%emt 00:00:06]} 15. Be3 {[%clk 00:04:39]}
{[%emt 00:00:02]} e5 {[%clk 00:03:14]} {[%emt 00:01:08]} 16. Bc4 {[%clk
00:03:51]} {[%emt 00:00:51]} Qa5 {[%clk 00:03:00]} {[%emt 00:00:15]} 17. dxe5
{[%clk 00:03:46]} {[%emt 00:00:08]} Qxe5 {[%clk 00:02:59]} {[%emt 00:00:03]} 18.
Rfe1 {[%clk 00:03:42]} {[%emt 00:00:06]} Bc5 {[%clk 00:02:42]} {[%emt
00:00:18]} 19. Rad1 {[%clk 00:02:38]} {[%emt 00:01:06]} Rfe8 {[%clk 00:02:31]}
{[%emt 00:00:12]} 20. Qc2 {[%clk 00:02:23]} {[%emt 00:00:17]} Bxe3 {[%clk
00:02:01]} {[%emt 00:00:33]} 21. Rxe3 {[%clk 00:02:24]} Qc5 {[%clk 00:02:02]}
22. Rxe8+ {[%clk 00:02:06]} {[%emt 00:00:20]} Rxe8 {[%clk 00:02:03]} {[%emt
00:00:02]} 23. Qb3 {[%clk 00:02:04]} {[%emt 00:00:04]} Qe7 {[%clk 00:02:04]}
{[%emt 00:00:01]} 24. a4 {[%clk 00:01:58]} {[%emt 00:00:09]} g6 {[%clk
00:01:53]} {[%emt 00:00:13]} 25. g3 {[%clk 00:01:27]} {[%emt 00:00:33]} Kg7
{[%clk 00:01:45]} {[%emt 00:00:10]} 26. Kh2 {[%clk 00:01:19]} {[%emt 00:00:09]}
Qc5 {[%clk 00:01:36]} {[%emt 00:00:11]} 27. Rd4 {[%clk 00:00:54]} {[%emt
00:00:27]} Re7 {[%clk 00:01:27]} {[%emt 00:00:12]} 28. Kg2 {[%clk 00:00:39]}
{[%emt 00:00:16]} h5 {[%clk 00:01:24]} {[%emt 00:00:05]} 29. Rf4 {[%clk
00:00:40]} {[%emt 00:00:02]} Qe5 {[%clk 00:01:19]} {[%emt 00:00:07]} 30. Qc2
{[%clk 00:00:33]} {[%emt 00:00:08]} Rd7 {[%clk 00:00:47]} {[%emt 00:00:34]} 31.
Kf1 {[%clk 00:00:09]} {[%emt 00:00:26]} b5 {[%clk 00:00:26]} {[%emt 00:00:23]}
32. axb5 {[%clk 00:00:08]} {[%emt 00:00:03]} cxb5 {[%clk 00:00:27]} 33. Qe2
{[%clk 00:00:05]} {[%emt 00:00:05]} Re7 {[%clk 00:00:05]} {[%emt 00:00:25]} 34.
Qxe5 {[%clk 00:00:05]} {[%emt 00:00:02]} Rxe5 {[%clk 00:00:06]} {[%emt
00:00:01]} 35. Bb3 {[%clk 00:00:03]} {[%emt 00:00:03]} a5 {[%clk 00:00:04]}
{[%emt 00:00:04]} 36. Rd4 {[%clk 00:00:04]} Kf8 {[%clk 00:00:04]} {[%emt
00:00:02]} 37. Rd6 {[%clk 00:00:05]} {[%emt 00:00:02]} Ke7 {[%clk 00:00:05]} 38.
Ra6 {[%clk 00:00:06]} {[%emt 00:00:02]} a4 {[%clk 00:00:06]} 39. Bc2 {[%clk
00:00:07]} Nd5 {[%clk 00:00:04]} {[%emt 00:00:05]} 40. Bb1 {[%clk 00:00:03]}
{[%emt 00:00:05]} Nc7 {[%clk 00:00:04]} {[%emt 00:00:02]} 41. Ra7 {[%clk
00:00:04]} {[%emt 00:00:01]} Kd6 {[%clk 00:00:05]} {[%emt 00:00:01]} 42. Ba2
{[%clk 00:00:05]} {[%emt 00:00:01]} Re7 {[%clk 00:00:05]} {[%emt 00:00:02]} 43.
Rb7 {[%clk 00:00:05]} {[%emt 00:00:02]} Kc5 {[%emt 00:00:04]} 44. Rb8 {[%clk
00:00:03]} {[%emt 00:00:03]} Ne6 {[%clk 00:00:03]} {[%emt 00:00:02]} 45. Rg8
{[%clk 00:00:04]} {[%emt 00:00:02]} Nc7 {[%clk 00:00:00]} {[%emt 00:00:03]} 1-0